Recruitment of officer card post in public sector banks : (Record no. 141272)

MARC details
000 -LEADER
fixed length control field 00592nam a22001697a 4500
010 ## - LCCN (DPL NO)
LC control number ENG-118736
020 ## - INTERNATIONAL STANDARD BOOK NUMBER
Terms of availability 450.00
035 ## - SYSTEM CONTROL NUMBER
System control number EN-102268
037 ## - SOURCE OF ACQUISITION
Source of stock number/acquisition DBAD / PUB
082 ## - DEWEY DECIMAL CLASSIFICATION NUMBER
Classification number 000
100 ## - MAIN ENTRY--PERSONAL NAME
Personal name Raviraman,Tu
245 ## - TITLE STATEMENT
Title Recruitment of officer card post in public sector banks :
Statement of responsibility, etc by Tu Raviraman
Remainder of title general awareness,general English,quantitative aptitude,reasoning ability/
260 ## - PUBLICATION, DISTRIBUTION, ETC. (IMPRINT)
Place of publication, distribution, etc Chennai
Name of publisher, distributor, etc The Raman's Books
Date of publication, distribution, etc 2010
270 ## - ADDRESS
Address #25,fourth main Road,Indiranagar
City Chennai
Postal code 600020
300 ## - PHYSICAL DESCRIPTION
Extent Various Pagings
Dimensions 24cm (Pbk)
942 ## - ADDED ENTRY ELEMENTS (KOHA)
Source of classification or shelving scheme Dewey Decimal Classification
Item type English Books
Call number suffix RAV
Classification part 000
Holdings
Withdrawn status Lost status Not for loan Collection code Home library Current library Date acquired Source of acquisition Cost, normal purchase price Full call number Barcode Copy number Cost, replacement price Koha item type
      Non-fiction Shahdara Branch Shahdara Branch 16/06/2017 DBAD/PUB 450.00 000 RAV EN-102268 1 450.00 English Books

© Delhi Public Library
Hit Counter
free hit counter